|
|
|
|
| LEADER |
00000nam a2200000 a 4500 |
| 001 |
vtls001468535 |
| 003 |
SK-MaSNL |
| 005 |
20260301095945.0 |
| 008 |
040216s2004 US a 0 eng |
| 020 |
|
|
|a 0789017547
|
| 035 |
|
|
|a SNK000423840
|
| 040 |
|
|
|a SNK
|b slo
|c SNK
|e AACR2
|
| 044 |
|
|
|a US
|a GB
|
| 072 |
|
7 |
|a 026/027
|2 konspekt
|
| 080 |
|
|
|a 026/027
|2 1981
|
| 080 |
|
|
|a 050+070.48:004.91
|2 1981
|
| 080 |
|
|
|a 002.1:004.004.087
|2 1981
|
| 080 |
|
|
|a (048.8)
|2 1981
|
| 080 |
|
|
|a 004.91
|2 1981
|
| 245 |
1 |
|
|a E-serials collection management
|b transitions, trends, and technicalities
|c David C. Fowler, editor
|
| 250 |
|
|
|a [1st ed.]
|
| 260 |
|
|
|a New York [etc.]
|b Haworth Information Press
|c c2004
|
| 300 |
|
|
|a xx, 279 s.
|b ilustr.
|c 21 cm
|
| 650 |
0 |
7 |
|a elektronické vydania
|2 SNK
|9 432089
|
| 650 |
0 |
7 |
|a špeciálne zbierky
|2 SNK
|9 432090
|
| 650 |
0 |
7 |
|a elektronické periodiká
|2 SNK
|9 404691
|
| 650 |
0 |
7 |
|a knižnice
|2 SNKPH
|9 17965
|
| 655 |
|
7 |
|a príručky
|2 SNKPH
|9 74364
|
| 655 |
|
7 |
|a štúdie
|2 SNK
|9 57033
|
| 700 |
1 |
|
|a Fowler, David C.
|4 edi
|9 432091
|
| 919 |
|
|
|a 0-7890-1754-7
|
| 999 |
|
|
|c 684694
|d 686624
|
| 952 |
|
|
|t snkFOW 025.18
|a SNKUST
|b SNKUST
|y PREZ
|7 0
|p 17A0420422
|o snkIC 131253
|i snkV 446/2004
|g 35.22
|0 0
|1 0
|4 0
|d 2004-02-16
|l 0
|r 2025-04-30 00:00:00
|w 2026-02-23
|